000 00318nam a2200133Ia 4500
008 231129s1965||||xx |||||||||||||| ||spa||
040 _bspa
082 _aR 363.2440202 G286m
100 _aGayet Jean
245 0 _aManual de la policia cientifica
260 _c1965
264 _aEdiciones Zeus.
942 _2ddc
_cBKS
999 _c20391
_d20391